| 000 | 00535nam a2200157 a 4500 | ||
|---|---|---|---|
| 008 | 120416s1966 ||||||||||||||||| || u | ||
| 050 | _aHD 82 Kuz | ||
| 100 | _aKuznets, Simon Smith | ||
| 245 | 1 | 0 | _aSix lectures on economic growth |
| 260 |
_aNew York _bThe Free Press _c(1966) |
||
| 300 | _a122p. : ill | ||
| 350 | _a0.00 | ||
| 650 | 0 | _aECONOMICS | |
| 650 | _aECONOMIC GROWTH | ||
| 995 |
_D0.00 _FCBU-MAIN LIBRARY (Kitwe) _H1 _I0.00 _M1 _UAVAILABLE _ZMain Library Open Access Collection |
||
| 999 |
_c57518 _d57518 |
||